000 00514nam a2200193Ia 4500
003 OSt
005 20250311122229.0
008 210210b1963 xxu||||| |||| 00| 0 eng d
040 _cAL
041 _aKannada
082 _a859/2302
100 _aARYAMBA PATTABHI
_dಆರ್ಯಾಂಬಾ ಪಟ್ಟಾಭಿ.
_9159487
245 _aAa hadu
_bಆ ಹಾಡು
260 _aBengaluru
_bPrakasha Sahitya.,
_c1963
300 _a220
690 _aKannada Fiction
_9159488
906 _a026577
942 _2ddc
_cBK
999 _c147858
_d147858